|
|
|
|
| LEADER |
00000nam a22000007a 4500 |
| 005 |
20120917180145.0 |
| 007 |
cr|||| |||| |
| 008 |
120917s2012 sp |||||s|||| 00||0 spa d |
| 035 |
|
|
|a 6683
|
| 040 |
|
|
|a vLex
|
| 090 |
|
|
|c 3428
|d 3428
|
| 100 |
1 |
|
|a Guevara Palacios, Augusto
|
| 245 |
1 |
4 |
|a Los Dictm̀enes Consultivos de la Corte Interamericana de Derechos Humanos
|h [Recurso electrn̤ico] /
|c Augusto Guevara Palacios
|
| 256 |
|
|
|a Servicio en ln̕ea
|
| 260 |
|
|
|a Barcelona :
|b Editorial Bosch,
|c 2012
|
| 300 |
|
|
|a 1 recurso electrn̤ico
|
| 506 |
1 |
|
|a Contenido solo disponible en los productos indicados
|d vLex Global
|d vLex Global (Academic Edition, excluding Law Schools)
|d vLex Global (U.S. Academic Edition, Law Schools)
|d vLex Global (U.S. Academic Edition, excluding Law Schools)
|d vLex Global (Academic Edition, Law Schools)
|
| 650 |
0 |
4 |
|a Dictm̀enes consultivos
|
| 650 |
0 |
4 |
|a Derechos humanos
|
| 740 |
0 |
|
|a vLex Libros (Servicio en ln̕ea)
|
| 856 |
4 |
0 |
|u http://vlex.com/source/dictamenes-consultivos-corte-interamericana-derechos-humanos-6683
|z Acceso restringido
|
| 942 |
|
|
|c BOOK
|
| 999 |
0 |
|
|a Jurisprudence
|